| 000 | 01094naa a22003137a 4500 | ||
|---|---|---|---|
| 001 | BR9601937 | ||
| 003 | BR-BrBNA | ||
| 005 | 20240918181632.0 | ||
| 007 | ta | ||
| 008 | 230509b bl.||||| |||| 00| 0 por d | ||
| 040 |
_aBR-BrBNA _bpor _cBiblioteca Nacional de Agricultura |
||
| 041 | _a(Pt) | ||
| 072 |
_aH20 _b2480 _b4120 _b3875 |
||
| 090 | _aH20 BR9601937 | ||
| 100 | 1 | _aAlbuquerque, F.C. de | |
| 100 | 1 | _aDuarte, M.L.R. | |
| 100 | 1 | _aSilva, H.M. e | |
| 111 | 1 |
_a1. Seminario Nacional da Seringueira _cCuiaba, MT (Brazil) _d19-25 Nov 1972 |
|
| 245 | 1 | _aOcorrencia do mofo cinzento (Ceratocystis fimbriata)da seringueira | |
| 260 | 3 |
_aBrasilia, DF (Brasil): _c1972. |
|
| 500 | _aAnais do 1. Seminario Nacional da Seringueira Brasilia, DF (Brasil): 1972. p. 125-128 (BR9601937-AM)H20 | ||
| 650 | _aSeringueira | ||
| 650 | _aMofo Cinzento | ||
| 650 | _aFungicida | ||
| 650 | _aControle Quimico | ||
| 773 | 0 |
_tAnais do 1. Seminario Nacional da Seringueira _wH20 BR9601937 _gBrasilia, DF (Brasil), 1972. p. 125-128 |
|
| 909 |
_a202404 _bLucia _c55 _dLucia Elande |
||
| 942 |
_cAM _2AGRIS |
||
| 999 |
_c326165 _d326165 |
||